00722 2200241 4500001002100000005001500021035002000036007000300056008004100059020002200100082001600122084002300138100002300161245010200184250001100286260003600297300002500333650004900358504003400407990001300441990001300454990001300467INLIS00000000000785020220309013237 a0010-0222000132ta220309 g 0 ind  a978-623-228-766-2 a899.221 091 a899.221 091 SUW m0 aSuwardi Endraswara1 aMETODOLOGI PENELITIAN WISATA SASTRA :bKonsep Persepektif, dan pengembangan /cSuwardi Endraswara acet. 1 aYogyakarta :bGraha Ilmu,c2020 a228 halaman ;c24 cm 4aKesusastraan dan pariwisata dalam penelitian aBibliografi : halaman 221-228 a022.5629 a022.5628 a022.5627